| 000 | 01357nam0a2200349 4500 | ||
|---|---|---|---|
| 001 | RU\NLR\bibl\1809057 | ||
| 005 | 20260406092041.0 | ||
| 010 |
_a978-5-699-50838-9 _93000 |
||
| 021 |
_aRU _b2011-64623 _9448д/11 |
||
| 035 | _a(NLR Aleph) 001799685 | ||
| 090 |
_a1790264 _c1790264 |
||
| 100 | _a20110914d2011 |||y0rusy50 ca | ||
| 101 | 0 | _arus | |
| 102 | _aRU | ||
| 105 | _aa ||||||||| | ||
| 200 | 1 |
_aТанки ленд-лиза в бою _fМихаил Барятинский |
|
| 210 |
_aМосква _cЯуза _cЭксмо _d2011 |
||
| 215 |
_a287 с., [16] л. ил. _cил. _d21 |
||
| 225 | 1 | _aБестселлеры М. Барятинского | |
| 320 | _aБиблиогр.: с. 285-286 | ||
| 606 | 1 |
_aБронетанковая техника иностранная _xПоставки в СССР _z1941 - 1945 _92565697 _3RU\NLR\auth\661517465 |
|
| 606 | 1 |
_aВеликая Отечественная война _xТанковые операции _z1941 - 1945 _92086662 _3RU\NLR\auth\661262806 |
|
| 686 | _aЦ531.1-8 | ||
| 686 |
_aЦ35(2)722-7 _b53 |
||
| 686 | _aЦ35(2)722-53 | ||
| 700 | 1 |
_4070 _8rus _7ca _aБарятинский _bМ. Б. _gМихаил Борисович _3RU\NLR\auth\7762563 _945493 |
|
| 801 | 0 |
_aRU _bNLR _c20110914 _gRCR |
|
| 801 | 1 |
_aRU _bNLR _c20110914 |
|
| 942 | _cBOOK | ||
| 980 | _aNB | ||
| 980 | _aNBR | ||